000 00566nam a22001697a 4500
003 UA-OsUOA
001 11827
007 ta
008 20050411b un ||||| |||| 00| 0 ukr d
942 _cSA
040 _aUA-OsUOA
_cUA-OsUOA
_dUA-OsUOA
245 _aПро ратифікацію Цивільної конвенції про боротьбу з корупцією : Закон України, 16 березня 2005 року № 2476-4
300 _aС.11
955 _a0
773 0 _w0
_tГолос України
_dКиїв
_d2005
_gN62/6 квіт./
650 7 _2UDC
999 _c297988
_d297988